Normal view
MARC view
- Reeve, Philip.
Entry Personal Name
001 - CONTROL NUMBER
- control field: 12895
003 - CONTROL NUMBER IDENTIFIER
- control field: NUST
005 - DATE AND TIME OF LATEST TRANSACTION
- control field: 20190102114234.0
008 - FIXED-LENGTH DATA ELEMENTS
- fixed length control field: 190102|| aca||aabn | a|a d
040 ## - CATALOGING SOURCE
- Original cataloging agency: NUST
- Transcribing agency: NUST
100 ## - HEADING--PERSONAL NAME
- Personal name: Reeve, Philip.
- Title of a work: Hungry city chronicles.
670 ## - SOURCE DATA FOUND
- Source citation: Work cat.: (NUST)0: Reeve, Philip. 12890, Infernal devices /, c2005.
